| Tag |
First Indicator |
Second Indicator |
Subfields |
| LEADER |
00000nam a2200000 4500 |
| 001 |
in00004191663 |
| 005 |
20200806081941.0 |
| 006 |
m g d |
| 007 |
cr bn |||a|bb| |
| 008 |
980206s1696 enk o 00 eng d |
| 035 |
|
|
|a (UnM)99886753
|
| 037 |
|
|
|a CL2105000001
|b ProQuest Information and Learning. 300 N. Zeeb Rd., Ann Arbor, MI 48106
|
| 037 |
|
|
|a CL2105000002
|b ProQuest Information and Learning. 300 N. Zeeb Rd., Ann Arbor, MI 48106
|
| 040 |
|
|
|a Cu-RivES
|c Cu-RivES
|d Cu-RivES
|e dcrb
|
| 245 |
0 |
4 |
|a The case of the people commonly called Quakers. :
|b With some reasons humbly offered to the tender consideration of the members of the House of Commons to incline them to grant the petition of the said People (which they intend to present unto them) that their solemn answers may be allowed without swearing in the courts of Chancery and Exchequer. The said People freely offering and consenting, that if any reputed a Quaker falsify the truth, and by duly convicted theroof, [sic] every such person shall undergo the like pains and penalties as are provided against a perjured person.
|
| 260 |
|
|
|a [London? :
|b publisher not identified,
|c 1696?]
|
| 300 |
|
|
|a 1 online resource (1 sheet ([1] pages).
|
| 336 |
|
|
|a text
|b txt
|2 rdacontent
|
| 337 |
|
|
|a computer
|b c
|2 rdamedia
|
| 338 |
|
|
|a online resource
|b cr
|2 rdacarrier
|
| 500 |
|
|
|a Imprint suggested by Wing.
|
| 500 |
|
|
|a Reproduction of original in the British Library.
|
| 510 |
4 |
|
|a Wing (CD-ROM, 1996)
|c C1130A
|
| 510 |
4 |
|
|a Smith, J. Catalogue of Friends' books
|c II, pages 456
|
| 510 |
4 |
|
|a Early English books tract supplement interim guide
|c 816.m.24[86]
|
| 510 |
4 |
|
|a Early English books tract supplement interim guide
|c L.7.a.3.[113]
|
| 533 |
|
|
|a Electronic reproduction.
|b Ann Arbor, Mich. :
|c UMI,
|d 1999-
|f (Early English books online)
|n Digital version of: (Early English books; Tract supplement ; C15:2[86]; B5:2[6])
|7 s1999 miun s
|
| 650 |
|
0 |
|a Society of Friends
|x Doctrines
|v Early works to 1800.
|
| 650 |
|
0 |
|a Oaths
|x Religious aspects
|v Early works to 1800.
|
| 650 |
|
0 |
|a Oaths
|z England
|v Early works to 1800.
|
| 830 |
|
0 |
|a Early English books online.
|
| 856 |
4 |
0 |
|u http://proxy.library.tamu.edu/login?url=https://search.proquest.com/docview/2264217059
|z Connect to the full text of this electronic book
|t 0
|
| 856 |
4 |
0 |
|u http://proxy.library.tamu.edu/login?url=https://search.proquest.com/docview/2264216984
|z Connect to the full text of this electronic book
|t 0
|
| 999 |
f |
f |
|s c66ae87b-8fdd-3b27-b72d-649231cf5145
|i f2590e44-7867-372d-9d47-e0768576550a
|t 0
|
| 952 |
f |
f |
|a Texas A&M University
|b College Station
|c Electronic Resources
|d Available Online
|t 0
|h No information provided
|
| 998 |
f |
f |
|t 0
|l Available Online
|